| 000 | 01200cab a22002535a 4500 | ||
|---|---|---|---|
| 001 | L144686 | ||
| 008 | 080805e20080801xxkoe f 000 0 eng d | ||
| 035 | _a(Sirsi) u144686 | ||
| 041 | _aeng | ||
| 100 | 1 | _aKennett, Stephen | |
| 245 | _aDig! | ||
| 260 | _c2008 | ||
| 490 |
_aBuilding _v273(8540) 1 August 2008, 46-48(3) |
||
| 520 | _aUsing a question and answer format, article discusses underground thermal energy storage (UTES), a Dutch method of storing deep underground all the energy required to heat and cool a building. Gives details between the two main types of UTES: Aquifer thermal energy storage (ATES) and Borehole thermal energy storage (BTES). Presents other energy-efficient options for heating and cooling buildings. | ||
| 590 | _aKA | ||
| 650 | 2 | 4 | _aUNDERGROUND THERMAL ENERGY STORAGE (UTES) |
| 650 | 2 | 4 | _aAQUIFER THERMAL ENERGY STORAGE (ATES) |
| 650 | 2 | 4 | _aBOREHOLE THERMAL ENERGY STORAGE (BTES) |
| 651 | 4 |
_aUnited Kingdom _y |
|
| 690 | _aBUILT ENVIRONMENT-BUILDING SERVICES-BUILDING SERVICES ENGINEERING-HEATING AND VENTILATION ENGINEERING | ||
| 690 | _aENVIRONMENTAL AND LAND CONSULTANCY-ENERGY-ENERGY USE-ENERGY EFFICIENCY | ||
| 942 | _n0 | ||
| 948 | _c12/01/1999 | ||
| 999 |
_c80545 _d80545 |
||